000 00795nam a22002297a 4500
003 OSt
005 20190117101419.0
008 180316b xxu||||| |||| 00| 0 spa d
020 _a9502000811
040 _cPJ
245 1 3 _aEl lenguaje del derecho :
_bhomenaje a Genaro Carrió /
_ccompiladores Eugenio Bulygin...[et al.].
260 _aBuenos Aires :
_bAbeledo-Perrot,
_c1983.
300 _a491 p.
_c23 cm
500 _aCitas bibliográficas a pie de página.
650 0 _aDERECHO EN GENERAL
_9209
653 _aLENGUAJE JURIDICO
700 _92012
_aBulygin, Eugenio
_ecompilador
700 _9341
_aFarrell, Martín Diego
_ecompilador
700 _9248
_aNino, Carlos Santiago
_ecompilador
700 _9133
_aRabossi, Eduardo A.
_ecompilador
942 _2udc
_cLIB
_h340.113
_iLEN
999 _c2306
_d2306